| 000 | 00406nam a2200145Ia 4500 | ||
|---|---|---|---|
| 008 | 220217s9999||||xx |||||||||||||| ||und|| | ||
| 020 | _a9789381269527 | ||
| 082 | _a519 MIL | ||
| 100 |
_aMiller, Scott, L and Childers, Donald, G _96865 |
||
| 245 | 0 | _aProbability and random processes | |
| 250 | _a2nd | ||
| 260 |
_aElsevier _bNew Delhi _c2012 |
||
| 300 |
_aXII, 811p. _b450 |
||
| 650 | _aMATHEMATICS | ||
| 999 |
_c183708 _d183708 |
||